|
|
|
|
| LEADER |
00777pam a22002298a 4500 |
| 001 |
00025198 |
| 005 |
20171026081023.0 |
| 008 |
110801s1993 |||||| sd |
| 082 |
1 |
# |
|a 823
|b N300C
|
| 100 |
1 |
# |
|a Dickens, Charles
|d 1812-1870
|
| 245 |
1 |
0 |
|a Nicholas Nickleby
|c Charles Dickens ; with an introduction by John Carey
|
| 260 |
# |
# |
|a London
|b David campbell Pub.
|c 1993
|
| 300 |
# |
# |
|a lvii, 843 p.
|b ill.
|c 22 cm.
|
| 490 |
0 |
# |
|a Everyman’s library
|
| 504 |
# |
# |
|a Includes bibliographical references (p. xxxi)
|
| 650 |
|
|
|a Anh
|
| 650 |
|
|
|a Tiểu thuyết
|
| 650 |
|
|
|a Văn học hiện đại
|
| 852 |
# |
# |
|b Kho đọc
|j KD.0008317
|
| 852 |
# |
# |
|j KD.0008317
|
| 910 |
|
|
|d 01/08/2011
|
| 980 |
# |
# |
|a Trung tâm Học liệu Lê Vũ Hùng, Trường Đại học Đồng Tháp
|